| 000 | 00539nam a2200193 4500 | ||
|---|---|---|---|
| 003 | OSt | ||
| 005 | 20160331170729.0 | ||
| 008 | 160331b xxu||||| |||| 00| 0 eng d | ||
| 020 | _a1842695731 | ||
| 040 | _c040a | ||
| 082 |
_a338.17 _bAGR |
||
| 245 |
_aAgricultural commodities, trade and sustainable development / _cThomas Lines |
||
| 260 |
_aNottingham _bRussell Press |
||
| 300 |
_ax, 254p; _bill : _c16 cm |
||
| 504 | _aIncludes index | ||
| 650 |
_aAgriculture _94591 |
||
| 650 |
_aSustainable develpoment _97553 |
||
| 942 |
_2ddc _cSLOAN |
||
| 999 |
_c3373 _d3373 |
||